El libro de la salud / (Record no. 78087)

MARC details
000 -LEADER
campo de control de longitud fija 00682nam a2200193 i 4500
001 - NÚMERO DE CONTROL
campo de control 78087
003 - IDENTIFICADOR DE NÚMERO DE CONTROL
campo de control ES-MaACL
005 - FECHA Y HORA DE LA ÚLTIMA TRANSACCIÓN
campo de control 20230906173533.0
007 - CAMPO FIJO DE DESCRIPCIÓN FÍSICA--INFORMACIÓN GENERAL
campo de control de longitud fija t|
008 - DATOS DE LONGITUD FIJA--INFORMACIÓN GENERAL
campo de control de longitud fija 041011s1972 sp ||||1| spa d
080 ## - NÚMERO DE LA CLASIFICACIÓN DECIMAL UNIVERSAL
Número de la Clasificación Decimal Universal 61(023)
245 03 - MENCIÓN DEL TÍTULO
Título El libro de la salud /
Mención de responsabilidad, etc. [dirección, Joseph Handler].
260 ## - PUBLICACIÓN, DISTRIBUCIÓN, ETC.
Lugar de publicación, distribución, etc. Barcelona :
Nombre del editor, distribuidor, etc. Zeus,
Fecha de publicación, distribución, etc. [1972]
300 ## - DESCRIPCIÓN FÍSICA
Extensión 3 v. :
Otras características físicas il. ;
Dimensiones 27 cm.
505 8# - NOTA DE CONTENIDO CON FORMATO
Nota de contenido con formato Contiene: I. El lugar del hombre en el universo. Los materiales de la vida. -- II. El sistema endocrino. Los órganos genitales. -- IV. El crecimiento
650 04 - PUNTO DE ACCESO ADICIONAL DE MATERIA--TÉRMINO DE MATERIA
Término de materia o nombre geográfico como elemento de entrada Medicina-
Subdivisión de forma Obras de divulgación.
9 (RLIN) 14913
700 1# - ENTRADA AGREGADA--NOMBRE PERSONAL
Nombre de persona Handler, Joseph.
9 (RLIN) 61718
852 ## - LOCALIZACIÓN
Ubicación ES-MaACL
Número de control de estantería C-47724-26
Sublocalización o colección R.84981
Holdings
Estatus retirado Estado de pérdida Estado de daño No para préstamo Biblioteca de origen Biblioteca actual Ubicación en estantería Fecha de adquisición Fuente de adquisición Total de préstamos Signatura topográfica completa Código de barras Visto por última vez Precio de reemplazo Tipo de ítem Koha
        Biblioteca del Ateneo de Madrid Biblioteca del Ateneo de Madrid Depósito 2 17/01/2008     C-47724-26 1081688 23/02/2023 23/02/2023 Libro impreso